El noventa y tres
Bewaard in:
| Hoofdauteur: | |
|---|---|
| Formaat: | Boek |
| Taal: | Undetermined |
| Gepubliceerd in: |
San José, Costa Rica
Editorial Costa Rica
1979
|
| Onderwerpen: | |
| Tags: |
Voeg label toe
Geen labels, Wees de eerste die dit record labelt!
|
MARC
| LEADER | 00000nam a2200000Ia 4500 | ||
|---|---|---|---|
| 008 | 170316s9999 xx 000 0 und d | ||
| 040 | |a cru BVZT | ||
| 090 | |a 840 H-2no | ||
| 100 | |a Hugo, Víctor Marie, Comte | ||
| 245 | |a El noventa y tres | ||
| 260 | |a San José, Costa Rica | ||
| 260 | |b Editorial Costa Rica | ||
| 260 | |c 1979 | ||
| 300 | |a 256 páginas TomoII | ||
| 650 | |a LITERATURA FRANCESA | ||
| 999 | |c 7742 |d 7742 | ||
| 942 | |c 15 D |h 840 H-2no |2 z | ||
